Thiền luận : Q. Hạ /

Sách giới thiệu mối liên hệ giữa Thiền và hai bản kinh cốt yếu của Đại Thừa, kinh Hoa nghiêm và kinh Bát nhã và kế đõ là sự chuyển mình phải có đối với Phật giáo Ấn Độ...

Guardat en:
Dades bibliogràfiques
Autor principal: Daisetz Teitaro Suzuki.
Altres autors: Trúc Thiên (dịch.)
Format: Llibre
Idioma:Vietnamese
Publicat: Tp.HCM : Nxb Tp.HCM, 1998.
Matèries:
Etiquetes: Afegir etiqueta
Sense etiquetes, Sigues el primer a etiquetar aquest registre!
Thư viện lưu trữ: Mạng thư viện Đại học Đà Nẵng
LEADER 01163cam a2200373 i 4500
001 000046676
003 6178
005 20030918080330.0
008 010307b1998 vm 000 vie
020 |c 40000 
022 |a T 
040 |a IRC  |c IRC  |d IRC 
041 1 |a vie 
082 1 4 |a 294.3  |b DA-S 
100 1 |a Daisetz Teitaro Suzuki. 
245 0 0 |a Thiền luận :  |n Q. Hạ /  |c Daisetz Teitaro Suzuki ; Trúc Thiên dịch. 
260 |a Tp.HCM :  |b Nxb Tp.HCM,  |c 1998. 
300 |a 427tr. ;  |c 20.5cm. 
520 3 |a Sách giới thiệu mối liên hệ giữa Thiền và hai bản kinh cốt yếu của Đại Thừa, kinh Hoa nghiêm và kinh Bát nhã và kế đõ là sự chuyển mình phải có đối với Phật giáo Ấn Độ... 
630 0 4 |a Tôn giáo. 
630 0 4 |a Phật giáo. 
630 0 4 |a Thiền luận. 
650 0 4 |a Phật giáo  |x Học thuyết. 
700 1 |a Trúc Thiên,  |e dịch. 
OWN |a DUT 
999 |a From the UDN01 
TYP |a Monograph 
TYP |a Printed language 
980 |a Mạng thư viện Đại học Đà Nẵng